000 00468nam a2200145Ia 4500
008 151213s9999 xx 000 0 und d
100 _aমোহাম্মদ রফিক।
245 _aখোলা কবিতা।
_cমোহাম্মদ রফিক।
260 _aঢাকা।
_bসমষ্ট্
_c1987
300 _a8658 p.
650 _aBangla
650 _aগল্প।
700 _aমোহাম্মদ রফিক।
999 _c4444
_d4444